000 00893nmc a2200313 a 4500
003 AR-BaBNM
005 20251128205850.0
008 188019s1995 ||||||||||||||000 | spa||
020 _a84-277-1110-7
040 _cAR-BaBNM
100 1 _aMuntaner, Joan J.
245 1 0 _aLa sociedad ante el deficiente mental
_bnormalización, integración educativa, inserción social y laboral
260 _aMadrid
_bNarcea
_c1995
300 0 _a160 p.
_bdiagr.
490 0 _aEducación hoy
504 _aBibliografía: p. 155-160
650 4 _aEDUCACION ESPECIAL
650 4 _aETIOLOGIA
650 4 _aDIAGNOSTICO MEDICO
650 4 _aPSICOPATOLOGIA
650 4 _aENFERMEDADES MENTALES
650 4 _aPSICOLOGIA CLINICA
650 4 _aSOCIALIZACION
650 4 _aINTEGRACION ESCOLAR
650 4 _aINSERCION PROFESIONAL
653 0 _aDISCAPACIDAD MENTAL
942 _cBK
998 _carturo
999 _c13076
_d13076